A katonai nevelés

Elmentve itt :
Bibliográfiai részletek
Szerző: Kornis Gyula
Dokumentumtípus: Cikk
Megjelent: 1937
Sorozat:Magyar pedagógia : a Magyar Tudományos Akadémia Pedagógiai Bizottságának folyóirata 46
Kulcsszavak:Katonai nevelés módszer, Katonai nevelés
Online Access:http://misc.bibl.u-szeged.hu/11032
LEADER 00652nab a2200181 i 4500
001 misc11032
005 20191106142123.0
008 170607s1937 hu o 0|| hun d
022 |a 0025-0260 
040 |a SZTE Miscellanea Repozitórium  |b hun 
041 |a hun 
100 1 |a Kornis Gyula 
245 1 2 |a A katonai nevelés  |h [elektronikus dokumentum] /  |c  Kornis Gyula 
260 |c 1937 
300 |a 113-117 
490 0 |a Magyar pedagógia : a Magyar Tudományos Akadémia Pedagógiai Bizottságának folyóirata  |v 46 
695 |a Katonai nevelés módszer, Katonai nevelés 
856 4 0 |u http://misc.bibl.u-szeged.hu/11032/1/mp_1937_3633_113-117.pdf  |z Dokumentum-elérés